Sales Promotion Techniques / And How to Use Them Successfully (Record no. 1588)
[ view plain ]
| 000 -LEADER | |
|---|---|
| fixed length control field | 01122cam a22001934a 4500 |
| 005 - ΗΜΕΡΟΜΗΝΙΑ ΚΑΙ ΩΡΑ ΤΕΛΕΥΤΑΙΑΣ ΕΝΗΜΕΡΩΣΗΣ | |
| Πεδίο ελέγχου | 20250605164013.0 |
| 008 - FIXED-LENGTH DATA ELEMENTS--GENERAL INFORMATION | |
| Πεδίο ελέγχου σταθερού μήκους | 250528s ||||||||||||||||||||||||d |
| 035 ## - SYSTEM CONTROL NUMBER | |
| System control number | 16048 |
| 020 ## - ISBN | |
| ISBN | 566075881 |
| 040 ## - ΠΗΓΗ ΚΑΤΑΛΟΓΟΓΡΑΦΗΣΗΣ | |
| Φορέας πρωτότυπης καταλογογράφησης | MC Athens Campus Library |
| Γλώσσα καταλογογράφησης | Ελληνικά, Μοντέρνα (1453-) |
| Modifying agency | MC Athens Campus Library |
| Κανόνες περιγραφικής καταλογογράφησης | AACR2 |
| 245 1# - ΤΙΤΛΟΣ ΚΑΙ ΔΗΛΩΣΗ ΥΠΕΥΘΥΝΟΤΗΤΑΣ | |
| Τίτλος | Sales Promotion Techniques / And How to Use Them Successfully |
| 260 ## - PUBLICATION, DISTRIBUTION, ETC. | |
| Name of publisher, distributor, etc. | Gower Publishing, |
| Date of publication, distribution, etc. | 1991 |
| 300 ## - PHYSICAL DESCRIPTION | |
| Extent | 168 |
| 520 ## - SUMMARY, ETC. | |
| Summary, etc. | A ''Real Life'' Description of How Some Promotions Succeed Why Others Fail and How to Make Your Promotions Work Harder. Introduction, Jeunesse Vets Sales Promotion Agencies, Trad 15's Green Promotions Go Into the Red, Dyna's Recent Sales Promotions, Claudette Bossier Issues Her Sales Promotion Relief, Seminart Considers Its Response to Jeunesse, Discussion of the Jeunesse Brief, Dino Futuro Reviews Dyna's Promotional Plan, Entrant's Problems With the Trade, Claudette Receives the First Agency's Proposals, Seminant Goes for a Promotional Defense, Claudette Chooses the Third Agency, The Promotions Roll Out, Promotion Results, Index. |
| 700 1# - ΠΡΟΣΘΕΤΗ ΑΝΑΓΡΑΦΗ--ΦΥΣΙΚΟ ΠΡΟΣΩΠΟ | |
| Personal name | Toop Alan |
| 9 (RLIN) | 2089 |
| 942 ## - ADDED ENTRY ELEMENTS (KOHA) | |
| Koha item type | Books |
| Τύπος τεκμηρίου | Βιβλιοθήκη | Τρέχουσα τοποθεσία | Barcode | Αριθμός εισαγωγής | Ημερομηνία απόκτησης | Ταξιθετικό σύμβολο | Αριθμός αντιτύπου | Κατάσταση απόσυρσης | Κατάσταση χαμένου | Κατάσταση κατεστραμμένου | Μη δανεισμός | Σύνολο δανεισμών | Ημερομηνία τελευταίας εμφάνισης | Η τιμή ισχύει από |
|---|---|---|---|---|---|---|---|---|---|---|---|---|---|---|
| Books | MC Athens Campus Library | MC Athens Campus Library | 9780000015877 | 2674 | 05/06/2025 | 658.82 TOO | 1 | 05/06/2025 | 05/06/2025 |